[Event "BEL-chT 1213"]
[Site "Belgium"]
[Date "2013.03.03"]
[Round "10.1"]
[White "Froeyman, Helmut"]
[Black "Hetey, Laszlo"]
[Result "1/2-1/2"]
[WhiteElo "2310"]
[BlackElo "2363"]
[PlyCount "44"]
[EventDate "2012.09.23"]
[EventType "team-tourn"]
[EventRounds "11"]
[EventCountry "BEL"]
[SourceTitle "EXT 2014"]
[Source "ChessBase"]
[SourceDate "2013.11.20"]
[SourceVersion "1"]
[SourceVersionDate "2013.11.20"]
[SourceQuality "1"]
[WhiteTeam "Deurne"]
[BlackTeam "Anderlecht"]
[WhiteTeamCountry "BEL"]
[BlackTeamCountry "BEL"]

1. e4 e5 2. Nf3 Nc6 3. Bb5 Nf6 4. 0-0 Nxe4 5. d4 Be7 6. Qe2 Nd6 7. Bxc6 bxc6 8. dxe5 Nb7 9. Nd4 0-0 10. Nc3 f6 11. e6 c5 12. exd7 cxd4 13. dxc8Q Rxc8 14. Qc4+ Rf7 15. Ne4 c5 16. b3 f5 17. Nd2 Na5 18. Qd3 Qd5 19. Nc4 Nxc4 20. bxc4 Qc6 21. Rb1 Bd6 22. Bd2 Qc7 1/2-1/2

[Event "BEL-chT 1213"]
[Site "Belgium"]
[Date "2013.02.17"]
[Round "9.3"]
[White "Hetey, Laszlo"]
[Black "Hoffmann, Max"]
[Result "1-0"]
[WhiteElo "2363"]
[BlackElo "2027"]
[PlyCount "70"]
[EventDate "2012.09.23"]
[EventType "team-tourn"]
[EventRounds "11"]
[EventCountry "BEL"]
[SourceTitle "EXT 2014"]
[Source "ChessBase"]
[SourceDate "2013.11.20"]
[SourceVersion "1"]
[SourceVersionDate "2013.11.20"]
[SourceQuality "1"]
[WhiteTeam "Anderlecht"]
[BlackTeam "Eynatten II"]
[WhiteTeamCountry "BEL"]
[BlackTeamCountry "BEL"]

1. d4 Nf6 2. c4 g6 3. Nc3 Bg7 4. e4 d6 5. f3 0-0 6. Bg5 c6 7. Qd2 Re8 8. Bd3 a6 9. Nge2 b5 10. 0-0 Nbd7 11. Rac1 Rb8 12. Rfd1 Qb6 13. b3 bxc4 14. Na4 Qa7 15. bxc4 c5 16. Be3 Qc7 17. dxc5 dxc5 18. Nec3 Qc6 19. Qf2 Ne5 20. Bf1 Rb4 21. Nxc5 Nxc4 22. Nd5 Rb2 23. Nb4 Qb6 24. Rxc4 Rxf2 25. Bxf2 Bh6 26. e5 Nh5 27. g4 Ng7 28. Nd5 Qb8 29. Ne4 Be6 30. g5 Qxe5 31. gxh6 Bxd5 32. Rc5 e6 33. Bd4 Qf4 34. Nf6+ Kf8 35. hxg7+ Ke7 1-0

[Event "Goch op 23rd"]
[Site "Goch"]
[Date "2012.09.02"]
[Round "7"]
[White "Juegel, Marcel"]
[Black "Hetey, Laszlo"]
[Result "0-1"]
[WhiteElo "2221"]
[BlackElo "2363"]
[PlyCount "100"]
[EventDate "2012.08.30"]
[EventType "swiss"]
[EventRounds "7"]
[EventCountry "GER"]
[SourceTitle "EXT 2015"]
[Source "ChessBase"]
[SourceDate "2014.11.20"]
[SourceVersion "1"]
[SourceVersionDate "2014.11.20"]
[SourceQuality "1"]

1. d4 Nf6 2. Nf3 e6 3. e3 b6 4. Bd3 Bb7 5. Nbd2 d6 6. 0-0 g6 7. Qe2 Bg7 8. b3 0-0 9. Bb2 Nbd7 10. a4 a5 11. c4 Re8 12. e4 Nh5 13. g3 e5 14. dxe5 dxe5 15. Rfd1 Nc5 16. Bc2 Qc8 17. Ne1 Nf6 18. f3 Nfd7 19. Nf1 Ne6 20. Nd3 Nd4 21. Qf2 Nf8 22. Bxd4 exd4 23. Re1 Qd7 24. Re2 Ne6 25. h4 Qc6 26. Nd2 Nc5 27. Rae1 Re7 28. Kh2 Rae8 29. Nxc5 Qxc5 30. Bd3 Qb4 31. Rc1 Qa3 32. Rc2 Bc6 33. Kg2 Bxa4 34. f4 Bc6 35. Kh2 a4 36. Nf3 axb3 37. Rcd2 Bxe4 38. Bxe4 Rxe4 39. Rxe4 Rxe4 40. Ng5 Re3 41. f5 Qe7 42. Qg2 d3 43. Kh3 Re2 44. Qa8+ Qe8 45. Qxe8+ Rxe8 46. Rxd3 b2 47. Rd1 gxf5 48. h5 h6 49. Nf3 Re3 50. Nh4 Re5 0-1

[Event "Goch op 23rd"]
[Site "Goch"]
[Date "2012.09.01"]
[Round "5"]
[White "Hintze, Helge"]
[Black "Hetey, Laszlo"]
[Result "1/2-1/2"]
[WhiteElo "2324"]
[BlackElo "2363"]
[PlyCount "137"]
[EventDate "2012.08.30"]
[EventType "swiss"]
[EventRounds "7"]
[EventCountry "GER"]
[SourceTitle "EXT 2015"]
[Source "ChessBase"]
[SourceDate "2014.11.20"]
[SourceVersion "1"]
[SourceVersionDate "2014.11.20"]
[SourceQuality "1"]

1. Nf3 Nf6 2. c4 b6 3. g3 Bb7 4. Bg2 e6 5. 0-0 Be7 6. Nc3 Ne4 7. Nxe4 Bxe4 8. d3 Bb7 9. Bd2 0-0 10. Qc2 c5 11. d4 Qc8 12. d5 exd5 13. cxd5 d6 14. Ng5 Bxg5 15. Bxg5 Qc7 16. e4 Nd7 17. Rad1 a5 18. Rfe1 b5 19. Be3 Ne5 20. h3 f6 21. f4 Nf7 22. Kh2 Rfe8 23. a4 b4 24. Bf1 Re7 25. Bb5 Kh8 26. b3 Bc8 27. Bc1 Bd7 28. Bxd7 Qxd7 29. Re3 Qb7 30. Qc4 Qa6 31. Qxa6 Rxa6 32. Bb2 Kg8 33. g4 Ra8 34. Kg3 Rc8 35. Rc1 Kf8 36. Rc4 Ke8 37. Kf3 Kd7 38. h4 Rf8 39. Kg3 Rg8 40. g5 Ree8 41. Kh3 Ke7 42. Re2 Nh8 43. Kg4 Ng6 44. h5 Nf8 45. e5 fxe5 46. fxe5 Nd7 47. exd6+ Kxd6 48. Rxe8 Rxe8 49. Bxg7 Nb6 50. Rc1 Nxd5 51. g6 hxg6 52. h6 Ne3+ 53. Kg5 Nf5 54. Kxg6 Nxh6 55. Bxh6 Kd5 56. Rd1+ Kc6 57. Kf5 Re2 58. Bf4 c4 59. bxc4 Kc5 60. Rd5+ Kxc4 61. Rxa5 b3 62. Be5 Ra2 63. Ra8 Kb4 64. Bd6+ Kc4 65. a5 b2 66. Rb8 Rxa5+ 67. Be5 Rb5 68. Rxb5 Kxb5 69. Bxb2 1/2-1/2

[Event "Goch op 23rd"]
[Site "Goch"]
[Date "2012.08.30"]
[Round "1"]
[White "Priebs, Ludger"]
[Black "Hetey, Laszlo"]
[Result "0-1"]
[WhiteElo "1918"]
[BlackElo "2363"]
[PlyCount "54"]
[EventDate "2012.08.30"]
[EventType "swiss"]
[EventRounds "7"]
[EventCountry "GER"]
[SourceTitle "EXT 2015"]
[Source "ChessBase"]
[SourceDate "2014.11.20"]
[SourceVersion "1"]
[SourceVersionDate "2014.11.20"]
[SourceQuality "1"]

1. Nf3 Nf6 2. c4 b6 3. g3 Bb7 4. d4 e6 5. Bg2 Be7 6. 0-0 0-0 7. Nc3 Ne4 8. d5 Nxc3 9. bxc3 d6 10. dxe6 fxe6 11. Nd4 Bxg2 12. Nxe6 Qc8 13. Kxg2 Qxe6 14. Qd5 Qxd5+ 15. cxd5 Bf6 16. Bd2 c6 17. dxc6 Nxc6 18. Bf4 d5 19. Rad1 Rfd8 20. Rd3 Ne5 21. Bxe5 Bxe5 22. Rfd1 Rac8 23. e4 Rxc3 24. Rxd5 Rxd5 25. Rxd5 Bc7 26. Rd2 b5 27. f4 b4 0-1

[Event "Rheinland Pfalz op 4th"]
[Site "Altenkirchen"]
[Date "2012.06.10"]
[Round "7"]
[White "Hetey, Laszlo"]
[Black "Dgebuadze, Alexandre"]
[Result "1/2-1/2"]
[WhiteElo "2345"]
[BlackElo "2558"]
[PlyCount "60"]
[EventDate "2012.06.07"]
[EventType "swiss"]
[EventRounds "7"]
[EventCountry "GER"]
[SourceTitle "CBM 148 Extra"]
[Source "ChessBase"]
[SourceDate "2012.06.22"]
[SourceVersion "1"]
[SourceVersionDate "2012.06.22"]
[SourceQuality "1"]

1. d4 Nf6 2. c4 e6 3. Nf3 c5 4. d5 exd5 5. cxd5 d6 6. Nc3 a6 7. a4 g6 8. Nd2 Nbd7 9. e4 Bg7 10. Be2 0-0 11. 0-0 Re8 12. Ra3 Rb8 13. a5 Qc7 14. Re1 Ne5 15. h3 c4 16. f4 Nd3 17. Bxd3 cxd3 18. Qf3 b5 19. axb6 Qxb6+ 20. Kh1 Qd4 21. Ra4 Rb4 22. Rxb4 Qxb4 23. Qxd3 Nd7 24. Qc4 Qc5 25. Qxc5 Nxc5 26. Re3 Bd4 27. Re2 Nd3 28. Nb3 Bxc3 29. bxc3 Bb7 30. c4 Rxe4 1/2-1/2

[Event "Rheinland Pfalz op 4th"]
[Site "Altenkirchen"]
[Date "2012.06.08"]
[Round "3"]
[White "Bigott, Martin"]
[Black "Hetey, Laszlo"]
[Result "0-1"]
[WhiteElo "1882"]
[BlackElo "2345"]
[PlyCount "80"]
[EventDate "2012.06.07"]
[EventType "swiss"]
[EventRounds "7"]
[EventCountry "GER"]
[SourceTitle "CBM 148 Extra"]
[Source "ChessBase"]
[SourceDate "2012.06.22"]
[SourceVersion "1"]
[SourceVersionDate "2012.06.22"]
[SourceQuality "1"]

1. d4 Nf6 2. Nf3 e6 3. Bg5 h6 4. Bh4 b6 5. Nbd2 Bb7 6. c3 d6 7. Qc2 Nbd7 8. h3 c5 9. e3 cxd4 10. exd4 a6 11. Bd3 g5 12. Bg3 Nh5 13. Be4 d5 14. Bd3 Nxg3 15. fxg3 Qc7 16. g4 Qg3+ 17. Kf1 h5 18. gxh5 Rxh5 19. Kg1 Qf4 20. Re1 0-0-0 21. Nf1 g4 22. hxg4 Rxh1+ 23. Kxh1 Qxg4 24. Qe2 a5 25. Ba6 Bd6 26. Bxb7+ Kxb7 27. Ng1 Qh4+ 28. Nh3 Nf6 29. Qf2 Rh8 30. Qxh4 Rxh4 31. Nd2 Ne4 32. Nxe4 dxe4 33. Kg1 f5 34. Re3 Kc6 35. c4 e5 36. d5+ Kc5 37. b3 Kb4 38. Kf1 a4 39. Ng5 Rh1+ 40. Ke2 Ra1 0-1

[Event "Maastricht Limburg op-A 6th"]
[Site "Maastricht"]
[Date "2012.05.26"]
[Round "2.5"]
[White "Ernst, Sipke"]
[Black "Hetey, Laszlo"]
[Result "1-0"]
[WhiteElo "2554"]
[BlackElo "2345"]
[PlyCount "64"]
[EventDate "2012.05.25"]
[EventType "swiss"]
[EventRounds "7"]
[EventCountry "NED"]
[SourceTitle "CBM 148 Extra"]
[Source "ChessBase"]
[SourceDate "2012.06.22"]
[SourceVersion "1"]
[SourceVersionDate "2012.06.22"]
[SourceQuality "1"]

1. d4 Nf6 2. Nf3 e6 3. c4 b6 4. g3 Ba6 5. Qc2 Bb4+ 6. Bd2 Be7 7. e4 d5 8. cxd5 Bxf1 9. Kxf1 exd5 10. e5 Ne4 11. Nc3 Nxc3 12. bxc3 Qd7 13. h4 Nc6 14. Ng5 Nd8 15. Nxh7 Ne6 16. Kg2 c5 17. Be3 cxd4 18. cxd4 Rc8 19. Qd3 Qa4 20. Ng5 Bxg5 21. hxg5 Rxh1 22. Rxh1 Qc2 23. Qb5+ Qc6 24. Qe2 Ke7 25. Qf3 Qb5 26. g6 fxg6 27. Bc1 Rg8 28. Ba3+ Ke8 29. Rc1 Qd7 30. Bd6 Rh8 31. Qg4 Nf4+ 32. Qxf4 Qh3+ 1-0

[Event "Maastricht Limburg op-A 5th"]
[Site "Maastricht"]
[Date "2011.06.12"]
[Round "5"]
[White "Hetey, Laszlo"]
[Black "Beukema, Stefan"]
[Result "1-0"]
[WhiteElo "2337"]
[BlackElo "2193"]
[PlyCount "63"]
[EventDate "2011.06.10"]
[EventType "swiss"]
[EventRounds "7"]
[EventCountry "NED"]
[SourceTitle "CBM 142 Extra"]
[Source "ChessBase"]
[SourceDate "2011.06.27"]
[SourceVersion "1"]
[SourceVersionDate "2011.06.27"]
[SourceQuality "1"]

1. d4 Nf6 2. c4 g6 3. Nc3 Bg7 4. e4 d6 5. f3 e5 6. Nge2 0-0 7. Be3 Nc6 8. Qd2 h5 9. 0-0-0 a6 10. Kb1 Rb8 11. d5 Ne7 12. Nc1 Bd7 13. Bd3 b5 14. c5 dxc5 15. Bxc5 Ne8 16. h3 Nd6 17. g4 hxg4 18. hxg4 f6 19. Nb3 g5 20. Ne2 Kf7 21. Bb4 Rh8 22. Nc5 Bc8 23. Ng3 Nb7 24. Rxh8 Bxh8 25. Nxa6 Ra8 26. Nc5 Nxc5 27. Bxc5 Ba6 28. Bc2 Nc8 29. d6 Nxd6 30. Bb3+ Kg6 31. Qh2 Bg7 32. Qh5# 1-0

[Event "BEL-chT 1011"]
[Site "Belgium"]
[Date "2011.01.09"]
[Round "6.1"]
[White "Levin, Felix"]
[Black "Hetey, Laszlo"]
[Result "1/2-1/2"]
[WhiteElo "2512"]
[BlackElo "2354"]
[PlyCount "60"]
[EventDate "2010.09.26"]
[EventType "team-tourn"]
[EventRounds "11"]
[EventCountry "BEL"]
[SourceTitle "EXT 2012"]
[Source "ChessBase"]
[SourceDate "2011.11.24"]
[SourceVersion "1"]
[SourceVersionDate "2011.11.24"]
[SourceQuality "1"]
[WhiteTeam "Eynatten"]
[BlackTeam "Namur"]
[WhiteTeamCountry "BEL"]
[BlackTeamCountry "BEL"]

1. d4 Nf6 2. c4 e6 3. Nf3 b6 4. g3 Ba6 5. Qa4 c5 6. dxc5 bxc5 7. Bg2 Bb7 8. 0-0 Be7 9. Nc3 0-0 10. Rd1 Qb6 11. Bf4 Rd8 12. Rd2 Na6 13. Rad1 d6 14. Qb5 Ne8 15. Ng5 Bxg2 16. Kxg2 Nac7 17. Qxb6 axb6 18. Nge4 d5 19. cxd5 exd5 20. Nxd5 Nxd5 21. Rxd5 Rxd5 22. Rxd5 Rxa2 23. Rd7 Kf8 24. Rb7 Rxb2 25. Rb8 Rxe2 26. Kf3 Re1 27. Rxb6 f5 28. Nd2 Nf6 29. Nc4 Nd5 30. Rc6 Nxf4 1/2-1/2

[Event "BEL-chT 1011"]
[Site "Belgium"]
[Date "2010.11.07"]
[Round "3.1"]
[White "Hetey, Laszlo"]
[Black "Negi, Parimarjan"]
[Result "0-1"]
[WhiteElo "2354"]
[BlackElo "2615"]
[PlyCount "104"]
[EventDate "2010.09.26"]
[EventType "team-tourn"]
[EventRounds "11"]
[EventCountry "BEL"]
[SourceTitle "EXT 2012"]
[Source "ChessBase"]
[SourceDate "2011.11.24"]
[SourceVersion "1"]
[SourceVersionDate "2011.11.24"]
[SourceQuality "1"]
[WhiteTeam "Namur"]
[BlackTeam "Rochade"]
[WhiteTeamCountry "BEL"]
[BlackTeamCountry "BEL"]

1. d4 Nf6 2. c4 g6 3. Nc3 d5 4. cxd5 Nxd5 5. e4 Nxc3 6. bxc3 Bg7 7. Nf3 c5 8. Rb1 0-0 9. Be2 b6 10. 0-0 Bb7 11. Qd3 e6 12. Rd1 Nd7 13. Bg5 Qc7 14. h4 h6 15. Be3 Nf6 16. Nd2 Rfd8 17. Bf3 Rac8 18. a4 Bc6 19. Ra1 Qd7 20. a5 b5 21. Qb1 b4 22. Nb3 bxc3 23. Nxc5 Qe7 24. Rc1 Nh7 25. Nb3 Qxh4 26. g3 Qe7 27. Qd3 Nf6 28. Qxc3 Bxe4 29. Qxc8 Bxf3 30. Qc7 Rd7 31. Qf4 Bd5 32. Rc8+ Rd8 33. Qb8 Rxc8 34. Qxc8+ Kh7 35. Nc5 Ng4 36. Rb1 Nxe3 37. Rb8 h5 38. fxe3 Qg5 39. Kf2 Kh6 40. Qc7 Bxd4 41. Qf4 Qxf4+ 42. gxf4 Bxc5 43. Rc8 Bd6 44. Rd8 Bb4 45. Rd7 a6 46. Rxf7 Bxa5 47. Ra7 Bc4 48. Ra8 Bb4 49. e4 a5 50. Ke3 Bb3 51. Kd4 a4 52. Ke5 Bc3+ 0-1

[Event "Brasschaat 02nd"]
[Site "Brasschaat"]
[Date "2010.08.20"]
[Round "7"]
[White "Rooze, Jan"]
[Black "Hetey, Laszlo"]
[Result "1-0"]
[WhiteElo "2331"]
[BlackElo "2354"]
[PlyCount "141"]
[EventDate "2010.08.14"]
[EventType "tourn"]
[EventRounds "9"]
[EventCountry "BEL"]
[EventCategory "5"]
[SourceTitle "CBM 138 Extra"]
[Source "ChessBase"]
[SourceDate "2010.10.29"]
[SourceVersion "1"]
[SourceVersionDate "2010.10.29"]
[SourceQuality "1"]

1. e4 e5 2. Nf3 Nc6 3. Bb5 a6 4. Ba4 Nf6 5. 0-0 Be7 6. Re1 b5 7. Bb3 d6 8. c3 0-0 9. h3 Nb8 10. d3 Nbd7 11. Nbd2 Bb7 12. Nf1 a5 13. Ng3 a4 14. Bc2 g6 15. d4 Re8 16. Bg5 c5 17. Qd2 Qc7 18. Bd3 Qb6 19. Bf1 Bf8 20. d5 Kh8 21. h4 Ng8 22. h5 Bc8 23. hxg6 hxg6 24. Nh2 f6 25. Be3 Qb7 26. Qe2 Rb8 27. Qg4 Kg7 28. Nf5+ Kf7 29. Nh4 Ne7 30. Qe6+ Kg7 31. Ng4 g5 32. Nf5+ Nxf5 33. Qxe8 Nh4 34. Qh5 Be7 35. Qh6+ Kf7 36. Be2 Nf8 37. Qh5+ Nhg6 38. Nh6+ Ke8 39. Bg4 Bxg4 40. Qxg4 b4 41. c4 b3 42. Qd1 Qb4 43. axb3 axb3 44. Qd3 Nf4 45. Bxf4 exf4 46. Rec1 Ng6 47. Qh3 Ne5 48. Qe6 Qb7 49. Ng8 Kf8 50. Nxf6 Kg7 51. Ng4 Nxg4 52. Qxg4 Bf6 53. e5 dxe5 54. Qe6 e4 55. Ra6 Qf7 56. Qd6 Re8 57. Qxc5 e3 58. Ra7 Re7 59. Rxe7 Bxe7 60. d6 Bf6 61. fxe3 Qe6 62. exf4 Qe4 63. Rd1 gxf4 64. d7 f3 65. Qf2 Bd8 66. gxf3 Qf5 67. Rd5 Qc2 68. Qd4+ Kf7 69. Qf4+ Bf6 70. Qxf6+ Kxf6 71. d8Q+ 1-0

[Event "Brasschaat 02nd"]
[Site "Brasschaat"]
[Date "2010.08.17"]
[Round "4"]
[White "Hetey, Laszlo"]
[Black "Fomichenko, Eduard"]
[Result "1/2-1/2"]
[WhiteElo "2354"]
[BlackElo "2458"]
[PlyCount "87"]
[EventDate "2010.08.14"]
[EventType "tourn"]
[EventRounds "9"]
[EventCountry "BEL"]
[EventCategory "5"]
[SourceTitle "CBM 138 Extra"]
[Source "ChessBase"]
[SourceDate "2010.10.29"]
[SourceVersion "1"]
[SourceVersionDate "2010.10.29"]
[SourceQuality "1"]

1. d4 d5 2. Nf3 Nf6 3. c4 e6 4. Nc3 Be7 5. Bf4 0-0 6. e3 c5 7. dxc5 Bxc5 8. Qc2 Nc6 9. a3 Qa5 10. Nd2 Be7 11. Bg3 Bd7 12. Be2 Qb6 13. 0-0 d4 14. Na4 Qd8 15. Rfd1 Rc8 16. b4 Qe8 17. Nf1 dxe3 18. Nxe3 Nd5 19. Nxd5 exd5 20. Nc5 Bf6 21. Nxd7 Qxd7 22. Rxd5 Nxb4 23. Rxd7 Nxc2 24. Rc1 Nd4 25. Bd1 Rfe8 26. Kf1 Re7 27. Rd5 g6 28. Bd6 Re4 29. Bc5 Ne6 30. Bxa7 Rexc4 31. Rxc4 Rxc4 32. Be3 Be7 33. Rb5 Bxa3 34. Rxb7 Bc1 35. Bb3 Rc8 36. Bxe6 fxe6 37. Bd4 Bh6 38. Ke2 Bf8 39. Kd3 Rd8 40. Ke4 Rd5 41. h3 h5 42. g4 hxg4 43. hxg4 Bc5 44. Bxc5 1/2-1/2

[Event "Brasschaat 02nd"]
[Site "Brasschaat"]
[Date "2010.08.15"]
[Round "2"]
[White "De Vos, Nils"]
[Black "Hetey, Laszlo"]
[Result "1-0"]
[WhiteElo "2237"]
[BlackElo "2354"]
[PlyCount "149"]
[EventDate "2010.08.14"]
[EventType "tourn"]
[EventRounds "9"]
[EventCountry "BEL"]
[EventCategory "5"]
[SourceTitle "CBM 138 Extra"]
[Source "ChessBase"]
[SourceDate "2010.10.29"]
[SourceVersion "1"]
[SourceVersionDate "2010.10.29"]
[SourceQuality "1"]

1. e4 e5 2. Nf3 Nc6 3. Bb5 a6 4. Ba4 Nf6 5. 0-0 Be7 6. Re1 b5 7. Bb3 d6 8. c3 0-0 9. h3 Nb8 10. d4 Nbd7 11. Nbd2 Bb7 12. Bc2 Re8 13. Nf1 Bf8 14. Ng3 g6 15. b3 Bg7 16. Bb2 Rc8 17. a4 c6 18. Qd2 Qc7 19. Ba3 Rcd8 20. axb5 axb5 21. Bb4 Qb8 22. Ba5 Rc8 23. Bd3 Ba8 24. dxe5 Nxe5 25. Nxe5 Rxe5 26. c4 Rce8 27. Bc3 R5e6 28. Rad1 h5 29. f3 bxc4 30. bxc4 Nd7 31. Ne2 Ne5 32. Nd4 R6e7 33. Be2 Bb7 34. Kh1 Qc7 35. Ba5 Qc8 36. Bc3 Qc7 37. Ba5 Qc8 38. Bc3 Qb8 39. Rb1 Qc7 40. Nb3 Ba6 41. c5 dxc5 42. Bxa6 c4 43. Nc5 Rd8 44. Qc2 Qa7 45. Ba5 Rb8 46. Rxb8+ Qxb8 47. Bxc4 Ra7 48. Nb3 Nxc4 49. Qxc4 Qg3 50. Bc3 Ra2 51. Rg1 Rc2 52. Be1 Qxh3+ 53. gxh3 Rxc4 54. Rg2 Be5 55. Kg1 Kf8 56. Kf1 Ke7 57. Ra2 Kf6 58. Ke2 Bc3 59. Rc2 Ra4 60. Bxc3+ Kg5 61. Be1 Kf4 62. Nc5 Ra3 63. Nd3+ Kg5 64. Rxc6 Ra2+ 65. Bd2+ Kh4 66. Nf2 Kg3 67. Rf6 Ra7 68. Kf1 Rd7 69. Bf4+ Kh4 70. Kg2 Rb7 71. Be3 g5 72. Rf5 f6 73. Rxf6 g4 74. hxg4 hxg4 75. Rh6# 1-0

[Event "Maastricht Limburg op-A 4th"]
[Site "Maastricht"]
[Date "2010.05.22"]
[Round "2"]
[White "Hetey, Laszlo"]
[Black "Fedorchuk, Sergey A"]
[Result "0-1"]
[WhiteElo "2351"]
[BlackElo "2646"]
[PlyCount "62"]
[EventDate "2010.05.21"]
[EventType "swiss"]
[EventRounds "7"]
[EventCountry "NED"]
[SourceTitle "CBM 136 Extra"]
[Source "ChessBase"]
[SourceDate "2010.07.02"]
[SourceVersion "2"]
[SourceVersionDate "2010.07.15"]
[SourceQuality "1"]

1. d4 Nf6 2. c4 e6 3. Nf3 b6 4. g3 Bb4+ 5. Bd2 c5 6. Bxb4 cxb4 7. Bg2 Bb7 8. 0-0 a5 9. a3 Na6 10. Nbd2 0-0 11. Re1 d6 12. e4 Qc7 13. e5 dxe5 14. dxe5 Nd7 15. Qc2 h6 16. g4 Rfd8 17. Re3 Rac8 18. g5 hxg5 19. Nxg5 Nf8 20. Bxb7 Qxb7 21. Nde4 b5 22. c5 Qd5 23. axb4 Nxb4 24. Qe2 Rc7 25. Nd6 Nc6 26. Nxb5 Nd4 27. Nxd4 Qxd4 28. Rxa5 Ng6 29. Re4 Nf4 30. Qe1 Qd1 31. Ra1 Qg4+ 0-1

[Event "Oberhausen op"]
[Site "Oberhausen"]
[Date "2010.04.05"]
[Round "7"]
[White "Hetey, Laszlo"]
[Black "Schebler, Gerhard"]
[Result "1-0"]
[WhiteElo "2347"]
[BlackElo "2485"]
[PlyCount "78"]
[EventDate "2010.04.01"]
[EventType "swiss"]
[EventRounds "7"]
[EventCountry "GER"]
[SourceTitle "CBM 135 Extra"]
[Source "ChessBase"]
[SourceDate "2010.05.04"]
[SourceVersion "1"]
[SourceVersionDate "2010.05.04"]
[SourceQuality "1"]

1. d4 Nf6 2. c4 e6 3. Nf3 Bb4+ 4. Bd2 Qe7 5. g3 Nc6 6. a3 Bxd2+ 7. Qxd2 d6 8. Bg2 e5 9. Nc3 Bg4 10. d5 Bxf3 11. exf3 Nd4 12. Qd1 0-0 13. 0-0 c5 14. dxc6 Nxc6 15. Re1 Qe6 16. Nd5 Qf5 17. f4 Nxd5 18. Qxd5 Qf6 19. fxe5 dxe5 20. Rad1 Rfe8 21. Qd6 Rad8 22. Qxf6 gxf6 23. b4 Kf8 24. Be4 h6 25. Kf1 Ke7 26. Bd5 Rc8 27. c5 Kf8 28. Be4 Red8 29. Kg2 a5 30. Rxd8+ Rxd8 31. b5 Nd4 32. Rb1 Rb8 33. a4 Ke7 34. Rc1 Ke6 35. c6 bxc6 36. Bxc6 f5 37. Bf3 Kd6 38. Bd1 Rg8 39. Kh3 f6 1-0

[Event "Oberhausen op"]
[Site "Oberhausen"]
[Date "2010.04.04"]
[Round "5"]
[White "Hetey, Laszlo"]
[Black "Kutzner, Joachim"]
[Result "1-0"]
[WhiteElo "2347"]
[BlackElo "2131"]
[PlyCount "67"]
[EventDate "2010.04.01"]
[EventType "swiss"]
[EventRounds "7"]
[EventCountry "GER"]
[SourceTitle "CBM 135 Extra"]
[Source "ChessBase"]
[SourceDate "2010.05.04"]
[SourceVersion "1"]
[SourceVersionDate "2010.05.04"]
[SourceQuality "1"]

1. d4 Nf6 2. c4 g6 3. Nc3 Bg7 4. e4 d6 5. f3 0-0 6. Bg5 Nbd7 7. Qd2 e5 8. Nge2 h6 9. Be3 Nb6 10. b3 c6 11. d5 cxd5 12. cxd5 Ne8 13. 0-0-0 Kh7 14. h4 f5 15. h5 f4 16. hxg6+ Kxg6 17. Bf2 Bd7 18. Kb1 Rc8 19. Rc1 Nc7 20. a4 Na6 21. Na2 Nc5 22. Rc3 Bxa4 23. Bxc5 dxc5 24. bxa4 Nxa4 25. Ra3 Qd7 26. Qc2 b5 27. g3 c4 28. Bh3 Qd6 29. Rxa4 bxa4 30. Bxc8 Rxc8 31. Qxa4 Qb6+ 32. Ka1 Qf2 33. Qa6+ Kh7 34. Qxc8 1-0

[Event "BCF-chT2b 0910 (4NCL)"]
[Site "England"]
[Date "2010.01.17"]
[Round "4.1"]
[White "Hetey, Laszlo"]
[Black "McEwan, Ken B"]
[Result "0-1"]
[WhiteElo "2347"]
[BlackElo "2142"]
[PlyCount "87"]
[EventDate "2009.10.24"]
[EventType "team-tourn"]
[EventRounds "11"]
[EventCountry "ENG"]
[SourceTitle "EXT 2010"]
[Source "ChessBase"]
[SourceDate "2010.11.25"]
[SourceVersion "1"]
[SourceVersionDate "2010.11.25"]
[SourceQuality "1"]
[WhiteTeam "Celtic Tigers"]
[BlackTeam "Poisoned Pawns II"]
[WhiteTeamCountry "ENG"]
[BlackTeamCountry "ENG"]

1. d4 Nf6 2. c4 e6 3. Nf3 d5 4. Nc3 Nbd7 5. Bf4 c6 6. e3 Be7 7. Bd3 Nh5 8. Be5 Nxe5 9. dxe5 dxc4 10. Bxc4 Qxd1+ 11. Rxd1 g6 12. Ne4 Ng7 13. g4 Bb4+ 14. Ke2 Ke7 15. a3 Ba5 16. Nd6 b5 17. Ba2 h6 18. Nd4 Bd7 19. Nb3 Bb6 20. Nxf7 Rhf8 21. Nxh6 c5 22. f4 Bc6 23. Rhf1 Rh8 24. g5 Nf5 25. Nxf5+ gxf5 26. Rf2 Bd5 27. Ra1 Bc4+ 28. Kd1 Bxb3+ 29. Bxb3 c4 30. Ba2 Bxe3 31. Rg2 Bxf4 32. a4 a6 33. Kc2 Rxh2 34. Rxh2 Bxh2 35. b3 c3 36. b4 Rd8 37. axb5 axb5 38. Bb3 Bxe5 39. Ra7+ Rd7 40. Ra5 Rd2+ 41. Kc1 Bf4 42. Bc2 Rd4+ 43. Kb1 Rxb4+ 44. Ka1 0-1

[Event "BCF-chT2b 0910 (4NCL)"]
[Site "England"]
[Date "2009.10.25"]
[Round "2.1"]
[White "Almond, Richard"]
[Black "Hetey, Laszlo"]
[Result "0-1"]
[WhiteElo "2144"]
[BlackElo "2347"]
[PlyCount "92"]
[EventDate "2009.10.24"]
[EventType "team-tourn"]
[EventRounds "11"]
[EventCountry "ENG"]
[SourceTitle "EXT 2010"]
[Source "ChessBase"]
[SourceDate "2010.11.25"]
[SourceVersion "1"]
[SourceVersionDate "2010.11.25"]
[SourceQuality "1"]
[WhiteTeam "FCA Solutions"]
[BlackTeam "Celtic Tigers"]
[WhiteTeamCountry "ENG"]
[BlackTeamCountry "ENG"]

1. d4 Nf6 2. c4 e6 3. Nc3 Bb4 4. Qc2 0-0 5. a3 Bxc3+ 6. Qxc3 b6 7. Bg5 Bb7 8. Nf3 d6 9. Nd2 h6 10. Bh4 Nbd7 11. f3 Qe7 12. e4 g5 13. Bf2 c5 14. Be2 cxd4 15. Bxd4 e5 16. Be3 Nc5 17. 0-0 Ne6 18. Rfd1 Nf4 19. Bf1 Kg7 20. b4 h5 21. g3 Ne6 22. c5 g4 23. cxd6 Qxd6 24. Nc4 Qc7 25. Qxe5 Qxe5 26. Nxe5 gxf3 27. Nxf3 Bxe4 28. Nd4 Ng4 29. Nxe6+ fxe6 30. Rd7+ Kg6 31. Bd3 Bxd3 32. Rxd3 Rad8 33. Rc3 Rc8 34. Rxc8 Rxc8 35. Re1 Rc2 36. Bf4 Nxh2 37. Rxe6+ Kf5 38. Re5+ Kg4 39. Rg5+ Kf3 40. Rxh5 Rg2+ 41. Kh1 Ng4 42. Be3 Nxe3 43. Rg5 Ra2 44. Rg7 Ng4 45. Rf7+ Kxg3 46. Rf1 Nf2+ 0-1

[Event "Roux CREC op"]
[Site "Roux"]
[Date "2009.07.29"]
[Round "6"]
[White "Krzewinski, Fabien"]
[Black "Hetey, Laszlo"]
[Result "1/2-1/2"]
[WhiteElo "1923"]
[BlackElo "2352"]
[PlyCount "61"]
[EventDate "2009.07.25"]
[EventType "swiss"]
[EventRounds "9"]
[EventCountry "BEL"]
[SourceTitle "EXT 2010"]
[Source "ChessBase"]
[SourceDate "2010.11.25"]
[SourceVersion "1"]
[SourceVersionDate "2010.11.25"]
[SourceQuality "1"]

1. e4 e5 2. Nf3 Nc6 3. d4 exd4 4. Nxd4 Bc5 5. Nxc6 bxc6 6. Bd3 Qh4 7. 0-0 Nf6 8. Qf3 Ng4 9. Bf4 d6 10. e5 d5 11. Nd2 Qe7 12. Nb3 Bb6 13. c4 g5 14. Bg3 h5 15. c5 h4 16. cxb6 Nh6 17. b7 Bxb7 18. Nc5 Bc8 19. b4 hxg3 20. Qxg3 a5 21. a3 Ng4 22. h3 axb4 23. axb4 Rxa1 24. Rxa1 Qxe5 25. Ra8 Qe1+ 26. Bf1 0-0 27. hxg4 Qxb4 28. Nd3 Qd6 29. Qe3 f6 30. Qd4 Kf7 31. g3 1/2-1/2